[Event "Cheliabinsk Lozovatsky Memorial-B"]
[Site "Cheliabinsk"]
[Date "2023.02.04"]
[Round "9"]
[White "Shvedova, Maria"]
[Black "Berdibaeva, Edisa"]
[Result "1-0"]
[WhiteElo "1822"]
[BlackElo "1685"]
[PlyCount "85"]
[EventDate "2023.01.27"]
[EventType "swiss"]
[EventRounds "10"]
[EventCountry "RUS"]
[SourceTitle "CBM 212 Extra"]
[Source "ChessBase"]
[SourceDate "2023.03.31"]
[SourceVersion "1"]
[SourceVersionDate "2023.03.31"]
[SourceQuality "1"]

1. d4 d5 2. c4 c6 3. Nc3 Nf6 4. Nf3 dxc4 5. a4 h6 6. e4 e6 7. Bxc4 Bb4 8. Qe2 0-0 9. 0-0 Nbd7 10. Rd1 Qe7 11. Na2 Re8 12. Nxb4 Qxb4 13. Bd2 Qe7 14. Bc3 Nf8 15. Bd3 Bd7 16. Qd2 Rec8 17. Re1 Qe8 18. d5 Qd8 19. Bxf6 Qxf6 20. e5 Qd8 21. d6 a5 22. Be4 Qb6 23. Qd4 c5 24. Qc3 Bc6 25. Nd2 Nd7 26. Nc4 Qd8 27. Bxc6 Rxc6 28. f4 Rcc8 29. Qb3 Rcb8 30. Rac1 b6 31. Na3 Rb7 32. Nb5 Rab8 33. Rcd1 Rc8 34. Qf3 Rcb8 35. Nc7 Qc8 36. f5 Nf8 37. f6 g6 38. Re4 Rxc7 39. dxc7 Qxc7 40. Qe3 Kh7 41. Rh4 h5 42. Qg5 Rd8 43. Rxh5+ 1-0

[Event "Cheliabinsk Lozovatsky Memorial-B"]
[Site "Cheliabinsk"]
[Date "2023.01.30"]
[Round "4"]
[White "Sovetbekova, Nurai"]
[Black "Berdibaeva, Edisa"]
[Result "1-0"]
[WhiteElo "2011"]
[BlackElo "1685"]
[PlyCount "173"]
[EventDate "2023.01.27"]
[EventType "swiss"]
[EventRounds "10"]
[EventCountry "RUS"]
[SourceTitle "CBM 212 Extra"]
[Source "ChessBase"]
[SourceDate "2023.03.31"]
[SourceVersion "1"]
[SourceVersionDate "2023.03.31"]
[SourceQuality "1"]

1. d4 d5 2. c4 e6 3. Nc3 Nf6 4. cxd5 exd5 5. Bg5 Be7 6. e3 0-0 7. Bd3 b6 8. Bxf6 Bxf6 9. Qh5 g6 10. Qxd5 c6 11. Qxd8 Rxd8 12. Be4 Bd7 13. Nge2 Na6 14. 0-0 Rac8 15. Rac1 Nc7 16. Rfd1 Be8 17. Nf4 Bg7 18. Bf3 f5 19. h3 g5 20. Nh5 Bxh5 21. Bxh5 Nd5 22. Nxd5 Rxd5 23. Bf3 Rd6 24. Rc2 c5 25. Rdc1 f4 26. dxc5 bxc5 27. exf4 gxf4 28. b4 c4 29. Rxc4 Rcd8 30. Rc8 Bf6 31. Rxd8+ Bxd8 32. Rc2 Rd4 33. b5 Kg7 34. Kf1 Rb4 35. Bc6 Kf6 36. Ke2 Bb6 37. Kf3 Kg5 38. Rd2 Ra4 39. Rd5+ Kf6 40. Rd2 Kf5 41. Ke2 h6 42. Bd7+ Ke4 43. Bc6+ Kf5 44. g4+ fxg3 45. fxg3 Ra3 46. Rd5+ Kf6 47. Rd6+ Kg7 48. Rd3 Rxa2+ 49. Kf3 Ra4 50. Be4 Rd4 51. Rc3 Rb4 52. Bc6 Kf6 53. Rd3 Rd4 54. Re3 Rd8 55. Rc3 Rd4 56. Be4 Kg7 57. Rc6 Kf7 58. Rxh6 Rb4 59. Bd3 Rb3 60. Ke4 Kg7 61. Rd6 Rb2 62. Kf3 Rf2+ 63. Kg4 Rg2 64. Rd7+ Kf6 65. Be4 Rb2 66. Bc6 Rb3 67. Rd6+ Kg7 68. Rd2 Kf6 69. h4 Bc7 70. Rf2+ Kg6 71. Rf3 Rb4+ 72. Kh3 Bd8 73. Rd3 Bc7 74. Rd5 Rb3 75. Rg5+ Kf6 76. Rg8 Rc3 77. Rg4 Rc5 78. Kg2 Bb6 79. Rf4+ Kg7 80. Kh3 Rc3 81. Rf3 Rc2 82. Rd3 Kf6 83. g4 Rb2 84. g5+ Kg6 85. Rd6+ Kg7 86. Rd7+ Kh8 87. g6 1-0

[Event "Cheliabinsk Lozovatsky Memorial-B"]
[Site "Cheliabinsk"]
[Date "2023.01.27"]
[Round "1"]
[White "Berdibaeva, Edisa"]
[Black "Zeliantsova, Kseniya"]
[Result "0-1"]
[WhiteElo "1685"]
[BlackElo "2068"]
[PlyCount "80"]
[EventDate "2023.01.27"]
[EventType "swiss"]
[EventRounds "10"]
[EventCountry "RUS"]
[SourceTitle "CBM 212 Extra"]
[Source "ChessBase"]
[SourceDate "2023.03.31"]
[SourceVersion "1"]
[SourceVersionDate "2023.03.31"]
[SourceQuality "1"]

1. d4 d6 2. c4 e5 3. e3 Nc6 4. Nc3 g6 5. Nf3 Bg7 6. h3 Nge7 7. Be2 0-0 8. 0-0 h6 9. dxe5 Nxe5 10. Nxe5 dxe5 11. Qc2 c6 12. Rd1 Qc7 13. b3 Be6 14. Bb2 f5 15. Ba3 Rad8 16. Rxd8 Rxd8 17. Rd1 Re8 18. Bd6 Qc8 19. Rd2 e4 20. Bf1 g5 21. Ne2 Ng6 22. Nd4 b6 23. a4 a6 24. b4 Bf7 25. Ne2 Ne5 26. Nd4 f4 27. Bxe5 Rxe5 28. Qd1 c5 29. Nc2 Re8 30. b5 axb5 31. axb5 Be5 32. Qg4 Qxg4 33. hxg4 Ra8 34. f3 Ra2 35. Rf2 Bg6 36. Ne1 Ra1 37. Nc2 Rc1 38. Na3 fxe3 39. Re2 exf3 40. gxf3 Bd3 0-1

[Event "World ol U16"]
[Site "Nakhchivan"]
[Date "2022.10.08"]
[Round "7.5"]
[White "Berdibaeva, Edisa"]
[Black "Kayis, Gulcan Sena"]
[Result "1-0"]
[WhiteElo "1563"]
[BlackElo "1702"]
[PlyCount "99"]
[EventDate "2022.10.02"]
[EventType "team-swiss"]
[EventRounds "9"]
[EventCountry "AZE"]
[SourceTitle "CBM 210 Extra"]
[Source "ChessBase"]
[SourceDate "2022.11.30"]
[SourceVersion "1"]
[SourceVersionDate "2022.11.30"]
[SourceQuality "1"]
[WhiteTeam "Kyrgyzstan"]
[BlackTeam "Turkey Anatolia"]
[WhiteTeamCountry "KGZ"]
[BlackTeamCountry "TUR"]

1. c4 d5 2. cxd5 Nf6 3. Nc3 Nxd5 4. g3 g6 5. Bg2 Nb6 6. Nf3 Bg7 7. d4 0-0 8. 0-0 c6 9. e3 Na6 10. Re1 Qc7 11. h3 Rd8 12. Qe2 Be6 13. b3 c5 14. Bb2 c4 15. Ng5 cxb3 16. Nxe6 fxe6 17. axb3 Nb4 18. Nb5 Qb8 19. Rec1 Rd7 20. Ba3 N4d5 21. Bc5 Nc8 22. Qg4 Kf7 23. Bxd5 Rxd5 24. Nc3 Rd8 25. Ne4 h6 26. Bb4 Nd6 27. Nc5 Qc8 28. Nd3 Qd7 29. Nf4 g5 30. Qh5+ Kg8 31. Nd3 b6 32. Qg6 Nf7 33. Ne5 Nxe5 34. dxe5 Re8 35. Rd1 Qb5 36. Qxe6+ Kh8 37. Bc3 Rac8 38. Rac1 Rc5 39. Bd4 Rd5 40. Rc7 Qxb3 41. Rdc1 Qb5 42. Rxa7 Rdd8 43. Rb7 Qe2 44. Rxe7 Rxe7 45. Qxe7 Rf8 46. Rf1 b5 47. e6 Rg8 48. Bxg7+ Rxg7 49. Qf8+ Kh7 50. e7 1-0